Pays du monde contenant deux L - Statistiques

Statistiques générales
  • Ce quiz a été pris 241 fois
  • Le résultat moyen est 3 sur 5
Statistiques - réponses
Pays % Correct
Nouvelle-Zélande
77%
Allemagne
67%
Papouasie-Nouvelle-Guinée
63%
Seychelles
36%
Îles Marshall
30%
Aucun quiz correspondant
Distribution des résultats
% des personnes avec chaque résultat
Percentile par nombre de réponses
Votre historique - résultats
Vous n’avez pas pris ce quiz